| 000 | 00492nam a2200157 i 4500 | ||
|---|---|---|---|
| 001 | 58589 | ||
| 003 | ES-MaACL | ||
| 007 | t| | ||
| 008 | 031023s1936 xxk ||||1| eng d | ||
| 100 | 1 |
_aEast, W. Norwood. _946445 |
|
| 245 | 1 | 0 |
_aMedical aspects of crime / _cby W. Norwood East ; with foreword by John Simon. |
| 260 |
_aLondon : _bChurchill, _c1936 ( _fWhitefriars) |
||
| 300 |
_aX, 437 p., 8 lám. : _bil. ; _c22 cm. |
||
| 700 | 1 |
_aSimon, John. _9106518 |
|
| 852 |
_aES-MaACL _jE-195 _bR.22472 |
||
| 999 |
_c58589 _d58589 |
||